000 00559nam a22001817a 4500
003 OSt
005 20251204102452.0
008 251204b |||||||| |||| 00| 0 eng d
020 _a81-89741-03-9.
040 _aDWC-Main lib.
_cOC
082 _aRes. 020 B188t 2006
100 _aBallabh, Anand
245 _aTraining in library and information science/
_cAnand Ballabh
260 _aNew Delhi :
_bSBS Publishers & Distributors Pvt. Ltd.,
_cc2006.
300 _a313 p. ;
_c22 cm.
650 _a1. Library science-Training.
942 _2ddc
_cBK-0 CIRC
_kRes.
_n0
999 _c6803
_d6803